ბათუმის შოთა რუსთაველის სახელმწიფო უნივერსიტეტის ბიბლიოთეკა

"აჭარისწყლის ხეობა (ისტორიულ-არქეოლოგიური გამოკვლევა ქედის მუნიციპალიტეტის მიხედვით)" / (ბიბ.ჩანაწერი № 57542)

000 -ლიდერი
ფიქსირებული სიგრძის საკონტროლო ველი 01330nam a22002417a 4500
003 - საკონტროლო ნომრის იდენტიფიკატორი
საკონტროლო ველი Ge_BSU
005 - ბოლო ოპერაციის თარიღი და დრო
საკონტროლო ველი 20221221160235.0
008 - ფიქსირებული სიგრძის მონაცემთა ელემენტები - ზოგადი ინფორმაცია
ფიქსირებული სიგრძის საკონტროლო ველი 200727s2019 ge ||||| |||| 00| 0 geo d
041 ## - ენის კოდი
Language code of text/sound track or separate title geo
080 ## - უნივერსალური ათობითი კლასიფიკაციის ინდექსი
Universal Decimal Classification number 9 ფ-29
100 ## - მთავარი ჩანაწერი - პიროვნების სახელი
Personal name ფარტენაძე, ვაჟა
9 (RLIN) 9044
245 ## - ცნობა სათაურის შესახებ
Title "აჭარისწყლის ხეობა (ისტორიულ-არქეოლოგიური გამოკვლევა ქედის მუნიციპალიტეტის მიხედვით)" /
Statement of responsibility, etc ვაჟა ფარტენაძე, სამეცნ. ხელმძღვ. ა. კახიძე.
264 ## - წარმოების, გამოცემის, დისტრიბუციის და სხვა ცნობები
გამოცემის, წარმოების, დისტრიბუციის... ადგილი ბათუმი,
გამოცემის, წარმოების, დისტრიბუციის... თარიღი 2019
300 ## - ფიზიკური აღწერა
Extent 255 გვ.
Other physical details 30 სმ.
Dimensions ილ.
501 ## - შენიშვნა თანმხლებ მასალაზე
With note ნახატ. გვ. 208-255
504 ## - BIBLIOGRAPHY, ETC. NOTE
Bibliography, etc ბიბლიოგრ. გვ. 198-207
653 ## - INDEX TERM--UNCONTROLLED
Uncontrolled term ისტორია
653 ## - INDEX TERM--UNCONTROLLED
Uncontrolled term არქეოლოგია
653 ## - INDEX TERM--UNCONTROLLED
Uncontrolled term დისერტაცია
700 ## - ADDED ENTRY--PERSONAL NAME
Personal name კახიძე, ა.
Relator term სამეცნ. ხელმძღვ.
9 (RLIN) 1466
710 ## - ADDED ENTRY--CORPORATE NAME
Corporate name or jurisdiction name as entry element ბათუმის შოთა რუსთაველის სახელმწიფო უნივერსიტეტი
Relator term ჰუმანიტარულ მეცნიერებათა ფაკულტეტი
9 (RLIN) 9045
942 ## - ADDED ENTRY ELEMENTS (KOHA)
Source of classification or shelving scheme
Koha item type დისერტაცია
ეგზემპლარები
ჩამოწერის სტატუსი დაკარგული ეგზემპლარის სტატუსი კლასიფიკაციის წყარო ან თაროზე გაწყობის სქემა დაზიანების სტატუსი არ გაიცემა მუდმივი მდებარეობა (დაცვის ადგილი) ამჟამინდელი ადგილსამყოფელი თაროზე განთავსების ადგილი შეძენის თარიღი სრული შენახვის შიფრი შტრიხკოდი ბოლო ოპერაციის თარიღი ეგზემპლარის მიმდევრობითი ნომერი (კეტერი?) ფასის ძალაში შესვლის თარიღი ეგზემპლარის სახეობა
          ბათუმის შოთა რუსთაველის სახელმწიფო უნივერსიტეტის მთავარი ბიბლიოთეკა ბათუმის შოთა რუსთაველის სახელმწიფო უნივერსიტეტის მთავარი ბიბლიოთეკა წიგნსაცავი 2020-07-27 9 ფ-29 339 დისერტაცია 2020-07-27 339 დისერტაცია 2020-07-27 დისერტაცია